Представление документа в формате RUSMARC

ПолеНазваниеЗначение
  Тип записи a
  Библиографический уровень m
001 Контрольный номер d31f6e24d74742b58b9557d5e98412e1
005 Дата корректировки 20201214114600.9
010 Индекс ISBN __
a ISBN 978-5-17-113268-2 (в пер.)
d Цена 480-00; 651-60, 3000 экз.
100 Данные общей обработки __
a Данные общей обработки 19190529d2019||||||| 0rusy0189 ca
101 Язык документа 1_
a Язык текста rus
c Язык оригинала eng
102 Страна публикации __
a Страна публикации RU|
102 Страна публикации __
a Страна публикации RU
105 Кодированные данные (монография) __
a Кодированные данные (монография) a|||e|||000zy
200 Заглавие и сведения об ответственности 1_
a Заглавие Хочу все знать о балете
e Сведения, относящиеся к заглавию [история, музыка и волшебство классического танца] : детская энциклопедия : [для младшего и среднего школьного возраста]
f Первые сведения об ответственности Лора Ли ; [перевод с английского П. Киселевой] ; иллюстрации Мередит Хамильтон
b Общее обозначение материала Текст
210 Выходные данные __
a Место издания Москва
c Издательство АСТ
c Издательство Аванта
d Дата издания 2019
215 Физическое описание __
a Объем 96 с.
c Иллюстрации/тип воспроизводства цв. ил.
d Формат 27 см
e Сопроводительные материалы 1 электрон. опт. диск (CD-ROM)
225 Серия __
a Серия Хочу все знать!
300 Общие примечания __
a Общие примечания На CD: музыкальные фрагменты из знаменитых балетов
330 Аннотация __
a Аннотация Книга познакомит юного читателя с историей балета и его самыми знаменитыми танцовщиками, композиторами и хореографами. Читатель узнает об основных балетных позициях и движениях, а также откроет для себя сюжеты величайших мировых балетов и сможет послушать музыкальные фрагменты из них.
600 Персоналии __
a Персоналии (Фамилия) Нуреев, Р. Х.
c Дополнение к имени балетмейстер советский
f Даты 1938-1993
g Полное имя Рудольф Хаметович
600 Персоналии __
a Персоналии (Фамилия) Барышников, М. Н.
c Дополнение к имени балетмейстер советский
f Даты 1948-
g Полное имя Михаил Николаевич
600 Персоналии __
a Персоналии (Фамилия) Фонтейн, М.
c Дополнение к имени балерина английская
f Даты 1919-1991
g Полное имя Марго
600 Персоналии __
a Персоналии (Фамилия) Павлова, А. П.
c Дополнение к имени балерина русская
f Даты 1881-1931
g Полное имя Анна Павловна
606 Тематические рубрики __
a Основная рубрика Музыка и зрелищные искусства
606 Тематические рубрики __
a Основная рубрика Балетный театр
610 Ключевые слова __
a Ключевые слова балет
610 Ключевые слова __
a Ключевые слова балетная терминология
610 Ключевые слова __
a Ключевые слова балетное искусство
610 Ключевые слова __
a Ключевые слова балетные постановки
610 Ключевые слова __
a Ключевые слова детская литература
610 Ключевые слова __
a Ключевые слова детская литература
610 Ключевые слова __
a Ключевые слова история балета
610 Ключевые слова __
a Ключевые слова персоналии
610 Ключевые слова __
a Ключевые слова познавательная литература
610 Ключевые слова __
a Ключевые слова техника танца
610 Ключевые слова __
a Ключевые слова балерины
610 Ключевые слова __
a Ключевые слова пуанты
610 Ключевые слова __
a Ключевые слова балетмейстеры
610 Ключевые слова __
a Ключевые слова развивающая литература
610 Ключевые слова __
a Ключевые слова хореография
686 Индексы других классификаций __
2 Код системы rubbks
a Классификационный индекс мл85я2
700 Автор _1
a Фамилия Ли
b Имя Л.
f Даты 1969-
g Полное личное имя Лора
4 Код отношения 070
702 Вторичная интеллектуальная ответственность _1
a Фамилия Хамильтон
b Имя М.
4 Код отношения Художник
g Полное личное имя Мередит
4 Код отношения 040
702 Вторичная интеллектуальная ответственность _1
a Фамилия Киселева
b Имя П. А.
4 Код отношения Переводчик
g Полное личное имя Полина Александровна
4 Код отношения 730
801 Источник записи _0
a Страна RU
b Организация Муниципальное бюджетное учреждение культуры "Централизованная библиотечная система" г. Сургут (Центральная городская библиотека им. А. С. Пушкина)
c Дата составления 20190529
g Правила каталогизации PSBO
801 Источник записи _1
a Страна RU
b Организация Муниципальное бюджетное учреждение культуры "Централизованная библиотечная система" г. Сургут (Центральная городская библиотека им. А. С. Пушкина)
c Дата составления 20190529
g Правила каталогизации PSBO
852 Данные о местонахождении __
j Шифр хранения мл85я2
i Авторский знак Л 55
901 Тип документа __
t Тип документа m
a Ответственный КиК/Мамарузиева
903 Характеристики (МАРС) __
a Дата передачи 20190529; 20200122
969 Тип издания __
a Тип издания издание для детей
a Тип издания энциклопедия
990 Данные о заказе (DOS) __
j Количество экземпляров (DOS) 3; 7
t N записи в КСУ для И/У (DOS) 202002; 201906